Manual de los sistemas de información / (Record no. 78194)

MARC details
000 -LEADER
campo de control de longitud fija 00746nam a2200217 i 4500
001 - NÚMERO DE CONTROL
campo de control 78194
003 - IDENTIFICADOR DE NÚMERO DE CONTROL
campo de control ES-MaACL
005 - FECHA Y HORA DE LA ÚLTIMA TRANSACCIÓN
campo de control 20230906173603.0
007 - CAMPO FIJO DE DESCRIPCIÓN FÍSICA--INFORMACIÓN GENERAL
campo de control de longitud fija t|
008 - DATOS DE LONGITUD FIJA--INFORMACIÓN GENERAL
campo de control de longitud fija 041013s1973 sp ||||1| spa d
100 1# - ENTRADA PRINCIPAL--NOMBRE DE PERSONA
Nombre de persona Hartman, W.
9 (RLIN) 61985
245 10 - MENCIÓN DEL TÍTULO
Título Manual de los sistemas de información /
Mención de responsabilidad, etc. W. Hartman, H. Malthes, A. Proeme ; [traducido por Angel Santo Dolla, Antonio Baca, Francisco Feltrer García].
260 ## - PUBLICACIÓN, DISTRIBUCIÓN, ETC.
Lugar de publicación, distribución, etc. Madrid :
Nombre del editor, distribuidor, etc. Paraninfo Zaragoza,
Fecha de publicación, distribución, etc. 1973.
300 ## - DESCRIPCIÓN FÍSICA
Extensión 2 v. :
Otras características físicas il. ;
Dimensiones 22 cm.
700 1# - ENTRADA AGREGADA--NOMBRE PERSONAL
Nombre de persona Malthes, H.
9 (RLIN) 75869
700 1# - ENTRADA AGREGADA--NOMBRE PERSONAL
Nombre de persona Proeme, A.
9 (RLIN) 94018
700 1# - ENTRADA AGREGADA--NOMBRE PERSONAL
Nombre de persona Santo Dolla, Angel.
9 (RLIN) 103438
700 1# - ENTRADA AGREGADA--NOMBRE PERSONAL
Nombre de persona Narbona Baca, Angel.
9 (RLIN) 84936
700 1# - ENTRADA AGREGADA--NOMBRE PERSONAL
Nombre de persona Feltrer García, Francisco.
9 (RLIN) 49237
852 ## - LOCALIZACIÓN
Ubicación ES-MaACL
Número de control de estantería C-54856-7
Sublocalización o colección R.84905
Holdings
Estatus retirado Estado de pérdida Estado de daño No para préstamo Biblioteca de origen Biblioteca actual Ubicación en estantería Fecha de adquisición Fuente de adquisición Total de préstamos Signatura topográfica completa Código de barras Visto por última vez Precio de reemplazo Tipo de ítem Koha
        Biblioteca del Ateneo de Madrid Biblioteca del Ateneo de Madrid Depósito 2 17/01/2008     C-54856-7 1081797 23/02/2023 23/02/2023 Libro impreso